| 000 | 00524 a2200217 4500 | ||
|---|---|---|---|
| 001 | 24364 | ||
| 999 |
_c24364 _d10890 |
||
| 003 | TR-AnTOB | ||
| 005 | 20190816173843.0 | ||
| 008 | 050822s2002 tu 00000 tur | ||
| 020 | _a9751409047 | ||
| 040 | _aETU | ||
| 041 | _atur | ||
| 050 | 0 |
_aPL248.K85N442002 _bKULn |
|
| 090 | _aPL248.K85 N44 2002 KULn | ||
| 100 | 0 |
_aKulin, Ayşe, _d1941- _9117132 |
|
| 245 | 0 |
_aNefes nefese / _cAyşe Kulin. |
|
| 264 | 1 |
_aİstanbul : Remzi Kitabevi, _b, _c2002. |
|
| 300 |
_a360 s. _c20 cm. |
||
| 902 | _a0011535 | ||
| 942 | _cBK | ||